000 nam a22 7a 4500
999 _c7924
_d7924
008 171109b xxu||||| |||| 00| 0 eng d
100 _94389
_aCBSE
245 _aENGLISH LANGUAGE LITERATURE -IX II
260 _aNEW DELHI
_bDELHI
_c2012